000 00658nam a2200241Ia 4500
003 0100
008 130303s9999 xx 000 0 und d
020 _a0829425829
040 _cARRUPELIB
050 _aPS3607.U49L373 2007
100 _aMartin, James
245 2 _aA Jesuit off-broadway
245 _bcenter stage with Jesus, Judas, and life's big questions
260 _aChicago
260 _bLoyola Press
260 _C2007
300 _a252p.
300 _b 24cm.
650 _bChristian ethics - Catholic authors
650 _cConscience - Religious aspects - Catholic Church
650 _dDecision-making (Ethics)
942 _2lcc
_01
999 _c64340
_d64340